00197nam a2200073Ia 4500008004100000100001700041245004900058260001600107170817s9999 xx 000 0 und d aAggarwal.J.C 0aGreat Philosophers And Thinkers On Education bAnshah Pub.